000 00743nam a2200241 a 4500
001 31657
003 BD-RjUL
005 20211209051730.0
008 140421s1966 e 001 0 eng d
035 _aCURL 030000013312(Gla) from pdc320
035 _a(BD-RjUL) 31745
040 _aBD-RjUL
_beng
_cBD-RjUL
_dBD-RjUL
041 _aeng
082 _a200.1
_bNEW 1966
245 0 0 _aNew studies in Berkeley's philosophy /
_cEdited by Warren E. Steinkraus.
260 _aNew York :
_bHolt, Rinehart & Winston,
_c1966.
300 _axiv, 199 p ;
_c23 cm.
504 _aIncludes index.
600 1 0 _aBerkeley, George,
_d1685-1753.
_996338
650 0 _aReligion
_xPhilosophy.
_94031
700 1 _aSteinkraus, Warren E.
_996336
942 _2ddc
_cBK
999 _c31657
_d31657